Quality improvement techniques in construction / (Record no. 5239)
[ view plain ]
| 000 -LEADER | |
|---|---|
| fixed length control field | 00931nac a22002411u 4500 |
| 010 ## - LIBRARY OF CONGRESS CONTROL NUMBER | |
| LC control number | 010698017 |
| 020 ## - INTERNATIONAL STANDARD BOOK NUMBER | |
| International Standard Book Number | 0582307767 (pbk) |
| 082 ## - DEWEY DECIMAL CLASSIFICATION NUMBER | |
| Classification number | 624.0685 |
| Item number | MCC. |
| 090 ## - LOCALLY ASSIGNED LC-TYPE CALL NUMBER (OCLC); LOCAL CALL NUMBER (OCLC) | |
| -- | 5239 |
| -- | 5239 |
| 100 ## - MAIN ENTRY--PERSONAL NAME | |
| Personal name | McCabe, Steven L. |
| 245 ## - TITLE STATEMENT | |
| Title | Quality improvement techniques in construction / |
| Statement of responsibility, etc | Steven McCabe. |
| 260 ## - PUBLICATION, DISTRIBUTION, ETC. (IMPRINT) | |
| Place of publication, distribution, etc | Harlow : |
| Name of publisher, distributor, etc | Longman, c.1998. |
| Date of publication, distribution, etc | c.1998. |
| 300 ## - PHYSICAL DESCRIPTION | |
| Extent | x, 230p. : |
| Other physical details | ill. ; |
| Dimensions | 24cm. |
| 500 ## - GENERAL NOTE | |
| General note | Co-published with the Chartered Institute of Building. |
| 500 ## - GENERAL NOTE | |
| General note | Distributer : AL Ahram. |
| 504 ## - BIBLIOGRAPHY, ETC. NOTE | |
| Bibliography, etc | Bibliography: p218-225. _ Includes index. |
| 511 ## - PARTICIPANT OR PERFORMER NOTE | |
| Participant or performer note | Catalogued By : Mahitab. |
| 650 ## - SUBJECT ADDED ENTRY--TOPICAL TERM | |
| Topical term or geographic name as entry element | Construction industry -- Quality control. |
| 650 ## - SUBJECT ADDED ENTRY--TOPICAL TERM | |
| Topical term or geographic name as entry element | Construction industry -- Management. |
| 650 ## - SUBJECT ADDED ENTRY--TOPICAL TERM | |
| Topical term or geographic name as entry element | Total quality management. |
| 942 ## - ADDED ENTRY ELEMENTS (KOHA) | |
| Item type | |
| Call number prefix | 624.0685MCC. |
| Withdrawn status | Item status | Damaged status | Not for loan | Home library | Current library | Shelving location | Date acquired | Source of acquisition | Total Checkouts | Total Renewals | Full call number | Barcode | Date last seen | Date last borrowed | Koha item type |
|---|---|---|---|---|---|---|---|---|---|---|---|---|---|---|---|
| Central Library | Central Library | First floor | 23/10/2007 | Purchase | 4 | 19 | 624.0685MCC. | 000006453 | 15/07/2025 | 20/10/2016 | Book - Borrowing | ||||
| Central Library | Central Library | First floor | 23/10/2007 | Purchase | 1 | 624.0685MCC. | 000006454 | 15/07/2025 | 02/12/2012 | NB - Book (Non borrowing) |